| 000 | 00810cam a2200265 a 4500 | ||
|---|---|---|---|
| 999 |
_c4401 _d4401 |
||
| 001 | 22597015 | ||
| 003 | OCoLC | ||
| 005 | 20181205161631.0 | ||
| 008 | 901009r19911977ilu b 000 0 eng | ||
| 010 | _a90019927 | ||
| 020 | _a0802494188 | ||
| 040 |
_aDLC _cDLC _dATH |
||
| 050 | 1 | 0 |
_aBT981 _b.U54 1991 |
| 050 | 1 | 0 |
_aBT981 _b.U54 1991 |
| 082 |
_a235.4 _bU57W |
||
| 100 | 1 |
_aUnger, Merrill F. _q(Merrill Frederick), _d1909-1980. |
|
| 245 | 1 | 0 |
_aWhat demons can do to saints / _cMerrill F. Unger. |
| 260 |
_aChicago : _bMoody Press, _cc1991. |
||
| 300 |
_a222 p. ; _c22 cm. |
||
| 500 | _aOriginally published: Chicago : Moody Press, 1977. | ||
| 504 | _aIncludes bibliographical references (p. 217-222). | ||
| 650 | 0 | _aDemonology. | |
| 650 | 0 |
_aOccultism _xReligious aspects _xChristianity. |
|
| 942 |
_2ddc _cBK |
||